|
|
|
|
| LEADER |
00968nam a2200265 a 4500 |
| 001 |
3771 |
| 003 |
BD-DhAAL |
| 005 |
20150415144030.0 |
| 008 |
150415s1995 nyua b 001 0 eng |
| 010 |
|
|
|a 94007979
|
| 020 |
|
|
|a 0070221480 (acidfree paper)
|
| 040 |
|
|
|a DLC
|c DLC
|d DLC
|d BD-DhAAL
|
| 050 |
0 |
0 |
|a TD194
|b .F74 1995
|
| 082 |
0 |
0 |
|a 363.73/1
|2 20
|
| 245 |
0 |
0 |
|a Industrial pollution prevention handbook /
|c [edited by] Harry M. Freeman.
|
| 260 |
|
|
|a New York :
|b McGraw-Hill,
|c c1995.
|
| 300 |
|
|
|a xxv, 935 p. :
|b ill. ;
|c 25 cm.
|
| 504 |
|
|
|a Includes bibliographical references and index.
|
| 541 |
|
|
|e 3771
|
| 650 |
|
0 |
|a Industries
|x Environmental aspects.
|9 10414
|
| 650 |
|
0 |
|a Pollution prevention.
|9 9059
|
| 700 |
1 |
|
|a Freeman, Harry,
|d 1943-
|9 10415
|
| 942 |
|
|
|2 ddc
|c BK
|
| 999 |
|
|
|c 34237
|d 34237
|
| 952 |
|
|
|0 0
|1 0
|2 ddc
|4 0
|6 363_731000000000000_IND
|7 0
|9 53454
|a SCL
|b SCL
|c GEN
|d 2015-04-15
|e Gift: The Asia Foundation
|l 0
|o 363.731 IND
|p 3020003771
|r 2015-04-15
|t 1
|w 2015-04-15
|y BK
|